| 000 | 01764cam a22005054i 4500 | ||
|---|---|---|---|
| 003 | PE-LiUPU | ||
| 005 | 20250731165551.0 | ||
| 008 | 150625s r 000 0 d | ||
| 035 | _a(Sirsi) a34527 | ||
| 035 | _a(Sirsi) a34527 | ||
| 040 |
_aPE-LiUPU _bspa _cPE-LiUPU _erda |
||
| 082 | 0 | 4 |
_a985.04 _bD _223 |
| 245 | 0 | 3 |
_aLa iglesia : _nVolumen 2. _bLa acción del clero / _ccompilación, edición y prólogo por Armando Nieto Vélez S.J. |
| 264 | 1 |
_a[Lima] : _bComisión del Sesquicentenario de la Independencia del Perú, _c[1971]. |
|
| 300 |
_a390 páginas ; _c25 centímetros. |
||
| 336 |
_atext _2rdacontent |
||
| 337 |
_aunmediated _2rdamedia |
||
| 338 |
_avolume _2rdacarrier |
||
| 490 | 0 |
_aColección Documental de la Independencia del Perú ; _v20 |
|
| 500 | _a"Año de los censos nacionales" | ||
| 505 | _aExpedientes de calificación (M-Z). | ||
| 526 | _aSEG44 | ||
| 526 | _aSEG26 | ||
| 526 | _aP151 | ||
| 526 | _aP150 | ||
| 526 | _aP149 | ||
| 526 | _aP146 | ||
| 526 | _aP145 | ||
| 526 | _aP126 | ||
| 526 | _aP125 | ||
| 526 | _aP92 | ||
| 526 | _aP75 | ||
| 526 | _aP74 | ||
| 526 | _aP27 | ||
| 526 | _aP15 | ||
| 610 | 2 |
_aIglesia Católica y política _xPerú _ySiglo XIX |
|
| 610 | 2 | _aIglesia católica en América. | |
| 650 | 0 | 4 |
_aClero _zPerú - Lima _vDirectorios. |
| 700 | 1 |
_aNieto Vélez, Armando, S.J., _d1931-. |
|
| 710 |
_aComisión Nacional del Sesquicentenario de la Independencia del Perú. _91045 |
||
| 942 |
_2ddc _cBK |
||
| 949 |
_aRC 985.04 D 20 / 2 _wDEWEY _c1 _i17030 _lRC _mBUL _r0 _sY _tBOOK _u2015-6-25 _xBIBLIOTECA _zUNKNOWN _0COMPRA _o.CIRCNOTE. No olvidar cambiar la fecha de devolución!!!!!!! _o.STAFF. Colección General |
||
| 999 |
_c42393 _d42393 |
||
| 980 |
_81 _gALBERTO SANCHEZ Responsable de Automatización |
||